000 00615nam a2200193 a 4500
008 120416s1949 ||||||||||||||||| || u
020 _a0442228007
050 _aREF TH 151 Gra.
100 _aGraf, don
245 1 0 _aBasic building data
246 _a10,000 timeless construction facts
250 _a2nd ed. re
260 _aNew York
_bVan Nostrand Reinhold
_c1949
300 _a829p. : ill.
350 _a0.00
650 _aBUILDING
650 _aBUILDING CONSTRUCTION
995 _D0.00
_FCBU-MAIN LIBRARY (Kitwe)
_H1
_I0.00
_M1
_UDAMAGED
_ZReference Collection
999 _c35500
_d35500